000
00310 a2200121 4500
999
_c
12098
_d
12098
008
240117b ||||| |||| 00| 0 eng d
020
_a
9789810731403
082
_a
725.51
100
_a
Meuser
245
_a
Hospitals and health centres : construction and design manual Vol.01
260
_b
RHED
942
_2
ddc